Loading...

Microscopic fresh Water life /

Bibliographic Details
Other Authors: Plaskitt, F J W
Format: Printed Book
Language:English
Published: New Delhi: Biotech, 1997.
Edition:1
Subjects:
LEADER 00737cam a2200265ua 4500
008 060815t1997||||||||||| 001 ||eng c
020 |a 81-7622-006-X 
041 0 |a eng 
082 |a 578.76  |b  PLA/M 
245 1 0 |a Microscopic fresh Water life /  
250 |a 1 
260 |a New Delhi:  |b  Biotech,  |c 1997. 
300 |a xi, 278pg.. 
362 1 |a 1997. 
365 |a Rs.640/-  |e hb 
500 |a Includes index. 
504 |a . 
650 |a Aquatic environment 
650 0 |a Microorganisms 
650 0 |a Biology 
650 0 |a Life sciences 
700 0 2 |a Plaskitt, F J W 
942 |c BK 
999 |c 10406  |d 10406 
952 |0 0  |1 0  |4 0  |6 578_760000000000000_PLA  |7 0  |9 10862  |a KUCL  |b KUCL  |d 2014-05-23  |l 0  |o 578.76 PLA/  |p 12270  |r 2014-05-23  |w 2014-05-23  |y BK